00550nam a22001457a 4500020001800000082001500018100004300033245013000076260005900206300000700265650001800272942000700290952009000297999001700387 a9788184655339 a270.82 GAI aGaikwad, RogeraAruna GanadasonaEdwin aThe Christian Imparative and Moral Challenge: National Ecuminical Compaign for Transparency Accountability and Responsibility aNew DelhibNational Council Of Churches in Indiac2016 a80 aEcumenicalism cBK 00104070aHMIbHMId2016-09-09l0o270.82 GAIp11003434r2026-01-16w2026-01-16yBK c20144d20144